Catálogo
 En Linea

Historia del circuito radial La Voz Dominicana (1942-1950) / (Registro nro. 16308)

Detalles MARC
000 -CABECERA
campo de control de longitud fija 00493nam a2200145 a 4500
001 - NÚMERO DE CONTROL
campo de control 000016776
005 - FECHA Y HORA DE LA ÚLTIMA TRANSACCIÓN
campo de control 20200929164946.0
008 - DATOS DE LONGITUD FIJA--INFORMACIÓN GENERAL
campo de control de longitud fija 100310s1950 dr ac 000 0 spa d
040 ## - FUENTE DE LA CATALOGACIÓN
Centro catalogador/agencia de origen DO-SdBNP
Lengua de catalogación spa
Centro/agencia transcriptor BNPHU
049 ## - FONDOS LOCALES (OCLC)
Fondos de biblioteca BNPD
100 1# - ENTRADA PRINCIPAL--NOMBRE DE PERSONA
Nombre de persona Sevez H., Francois F.
9 (RLIN) 37176
245 10 - MENCIÓN DE TÍTULO
Título Historia del circuito radial La Voz Dominicana (1942-1950) /
Mención de responsabilidad, etc. F. Francois Sevez H.
260 ## - PUBLICACIÓN, DISTRIBUCIÓN, ETC.
Lugar de publicación, distribución, etc. Ciudad Trujillo, República Dominicana:
-- Editora del Caribe,
Fecha de publicación, distribución, etc. 1950.
300 ## - DESCRIPCIÓN FÍSICA
Extensión 179 p. :
Otras características físicas il., retrs. ;
Dimensiones 25 cm.
Existencias
Estado de retiro Estado de pérdida Restricciones de uso No para préstamo Código de colección Localización permanente Ubicación/localización actual Ubicación en estantería Fecha de adquisición Número de inventario Total de préstamos Signatura topográfica completa Código de barras Fecha visto por última vez Precio válido a partir de Tipo de ítem Koha Nota pública Número de copia
      Excluido de préstamo Raros y valiosos Patrimonio Dominicano Patrimonio Dominicano Depósito 10.03.2010 LF1   16776-10 25.06.2020 25.06.2020 No se presta Perteneció a la biblioteca personal de Julio Ortega Frier.  
      Excluido de préstamo Raros y valiosos Patrimonio Dominicano Patrimonio Dominicano En catalogación 19.04.2011 LF1   16776-20 25.06.2020 25.06.2020 No se presta   e. 2

Con tecnología Koha